| 000 | 00490nam a2200169Ia 4500 | ||
|---|---|---|---|
| 008 | 121030t1991 xxu||||| |||| 00| 0 sin d | ||
| 041 | _asin | ||
| 080 |
_aX8S1 _bRAN |
||
| 100 | _aPrithi Randeniya | ||
| 245 | _aකාන්සියට ලියැවුණු කවි | ||
| 246 | _aKansiyata Liyevunu Kavi | ||
| 260 |
_bRajaye Mudhdhrana Nithigatha Sansthava _aColombo 01 _c1991 |
||
| 300 | _b44p., 21 cm | ||
| 942 | _cBK | ||
| 999 |
_c74904 _d74904 |
||
| 003 | LK-CoDNM | ||
| 040 |
_aLK-CoDNM _dLK-CoDNM _eLK-CoDNM |
||